000
00341nam a2200133Ia 4500
008
220216s9999 xx 000 0 und d
100
_a
Singhania R P
245
0
_a
Prospects of automotive tyre manufacture in India
260
_b
Rubber Board Bulletin
_c
1983
300
_a
7-May
650
_a
India
650
_a
Tyre industry
942
_c
JS
999
_c
66029
_d
66029